Importancia de las excursiones educativas en la enseñanza de la geografía en el Nivel Básico del Distrito Educativo 10-04 Sto Dgo, Este (Record no. 1779)

MARC details
000 -LEADER
campo de control de longitud fija 02956nam a2200553Ia 4500
001 - NÚMERO DE CONTROL
campo de control 1900
008 - DATOS DE LONGITUD FIJA--INFORMACIÓN GENERAL
campo de control de longitud fija 241029s9999 xx 000 0 und d
010 ## - NÚMERO DE CONTROL DE LA BIBLIOTECA DEL CONGRESO
Número de control de LC 1779
041 ## - CÓDIGO DE IDIOMA
Código de lengua del texto/banda sonora o título independiente Español
082 ## - NÚMERO DE LA CLASIFICACIÓN DECIMAL DEWEY
Número de clasificación ISFODOSU, TSC-10-0011
245 #0 - MENCIÓN DEL TÍTULO
Título Importancia de las excursiones educativas en la enseñanza de la geografía en el Nivel Básico del Distrito Educativo 10-04 Sto Dgo, Este
260 ## - PUBLICACIÓN, DISTRIBUCIÓN, ETC.
Lugar de publicación, distribución, etc. Santo Domingo
300 ## - DESCRIPCIÓN FÍSICA
Extensión 79
520 ## - RESUMEN, ETC.
Sumario, etc. 46
520 ## - RESUMEN, ETC.
Sumario, etc. Este estudio tuvo el propósito de determinar la importancia de las excursiones educativas en la enseñanza de la geografía en la planificación del centro y de igual manera en la que realiza el maestro del área de sociales. Se trata de un estudio explorativo-descriptivo, con un abordaje en el enfoque cuantitativo. La investigación se llevo a cabo en tres centros educativos del nivel básico del distrito educativo 10-04. Se encuestaron 5 directores, 12 docentes y 94 estudiantes.Dentro de los principales resultados se evidencian que se realizan excursiones educativas regularmente en estos centros, aunque no se percibe con claridad la planificación, aunque en algunas de ellas no existe un propósito definido recurso para enseñar algún tema de interés para la geografía. Se pudo evidenciar que carecen de guías didácticas en cada salida educativa fuera del aula, debe asegurarse la vida de los participantes por medio del seguro estudiantil. Los docentes realizan excursiones, aunque no especifican su finalidad en el caso de enseñar algún tipo de contenido curricular en la relación a la geografía Nacional.A partir de los resultados se recomienda realizar un itinerario de los lugares a visitar con fines más específicos, acorde con los contenidos curriculares, asimismo se recomienda tanto a directores como a docentes de estos centros, que reduzcan la cantidad de personas extrañas en esta actividad, puramente de índole educativo.
630 ## - PUNTO DE ACCESO ADICIONAL DE MATERIA--TÍTULO UNIFORME
Título uniforme Enseñanza
630 ## - PUNTO DE ACCESO ADICIONAL DE MATERIA--TÍTULO UNIFORME
Título uniforme Estrategia
630 ## - PUNTO DE ACCESO ADICIONAL DE MATERIA--TÍTULO UNIFORME
Título uniforme Geografía
650 ## - PUNTO DE ACCESO ADICIONAL DE MATERIA--TÉRMINO DE MATERIA
Término de materia o nombre geográfico como elemento de entrada Ciencias Sociales
690 ## - PUNTO DE ACCESO ADICIONAL DE MATERIA LOCAL--TÉRMINO DE MATERIA (OCLC, RLIN)
Término de materia o nombre geográfico como elemento inicial Copiado sin cambios
700 ## - ENTRADA AGREGADA--NOMBRE PERSONAL
Término indicativo de función/relación asesor
Nombre de persona Paulino, Laura
700 ## - ENTRADA AGREGADA--NOMBRE PERSONAL
Término indicativo de función/relación autor
Nombre de persona Reyes, Pedro Julio
700 ## - ENTRADA AGREGADA--NOMBRE PERSONAL
Término indicativo de función/relación autor
Nombre de persona Peña Modesto, Víctor Neemias
901 ## - ELEMENTOS DE DATOS A LOCAL LDA (RLIN)
a {"1":"Reyes","2":" Peña Modesto"}
b {"1":" Pedro Julio ","2":"Víctor Neemias"}
902 ## - ELEMENTOS DE DATOS B LOCAL, LDB (RLIN)
a 1
903 ## - ELEMENTOS DE DATOS C LOCAL, LDC (RLIN)
a {"1":"Paulino"}
b {"1":"Laura"}
904 ## - ELEMENTOS DE DATOS D LOCAL, LDD (RLIN)
a Maestría en
905 ## - ELEMENTOS DE DATOS E LOCAL, LDE (RLIN)
a Ciencias Sociales
906 ## - ELEMENTOS DE DATOS F LOCAL, LDF (RLIN)
a 1
907 ## - ELEMENTOS DE DATOS G LOCAL, LDG (RLIN)
a Orientada en
908 ## - COLOCAR PARÁMETRO DE COMANDO (RLIN)
Colocar parámetro de comando Investigación y Enseñanza
909 ## -
-- ISFODOSU, Recinto Félix Evaristo Mejía
910 ## - DATOS DE OPCIÓN DEL USUARIO (OCLC)
Datos de opción del usuario NULL
-- NULL
911 ## - EQUIVALENCIA O REFERENCIA-CRUZADA-NOMBRE DE CONFERENCIA O REUNIÓN/CONGRESO [LOCAL, CANADÁ]
Nombre de congreso/reunión o jurisdicción como elemento de entrada ["1"]
912 ## -
-- NO APLICA
913 ## -
-- NULL
914 ## -
-- 11 de Enero de 2010
915 ## -
-- 20/07/15 09:07
916 ## -
-- NULL
917 ## -
-- NULL
918 ## -
-- NO APLICA
919 ## -
-- ["202","92","233"]
921 ## -
-- 16
922 ## -
-- 16
923 ## -
-- 0
924 ## -
-- NO APLICA
942 ## - ELEMENTOS DE ENTRADA SECUNDARIOS (KOHA)
Tipo de ítem Koha

No items available.

© 2024. Todos los Derechos Reservados. Desarrollado por IDEICE